CASH'S TEXTBOOK OF CHEST, HEART AND VASCULAR DISORDERS FOR PHYSIOTHERAPISTS (Record no. 8382)

MARC details
000 -LEADER
fixed length control field 00489nam a22001817a 4500
005 - DATE AND TIME OF LATEST TRANSACTION
control field 20230821105217.0
008 - FIXED-LENGTH DATA ELEMENTS--GENERAL INFORMATION
fixed length control field 230817b |||||||| |||| 00| 0 eng d
020 ## - INTERNATIONAL STANDARD BOOK NUMBER
ISBN 0-571-14644-9
041 ## - LANGUAGE CODE
Language code of text/sound track or separate title eng
082 ## - DEWEY DECIMAL CLASSIFICATION NUMBER
Classification number 616.1 DOW-C
100 ## - MAIN ENTRY--AUTHOR NAME
Personal name DOWNIE, PATRICIA. A
245 ## - TITLE STATEMENT
Title CASH'S TEXTBOOK OF CHEST, HEART AND VASCULAR DISORDERS FOR PHYSIOTHERAPISTS
250 ## - EDITION STATEMENT
Edition statement 4TH, ED,
260 ## - PUBLICATION, DISTRIBUTION, ETC. (IMPRINT)
Place of publication NEW DELHI
Name of publisher JATPEE BROTHERS
Year of publication 1987
300 ## - PHYSICAL DESCRIPTION
Number of Pages 704;p
650 ## - SUBJECT ADDED ENTRY--TOPICAL TERM
Topical Term BPT
942 ## - ADDED ENTRY ELEMENTS (KOHA)
Koha item type Books
Holdings
Lost status Damaged status Collection code Home library Current library Shelving location Date acquired Source of acquisition Cost, normal purchase price Full call number Accession Number Koha item type
    Reference JRU Library JRU Library SHELF- 8- B 05/08/2023 PURCHASE 795.00 616.1 27871 Books
    PHYSIOTHERAPY JRU Library JRU Library SHELF-20-G 05/08/2023 PURCHASE 795.00 616.1 27872 Books
    PHYSIOTHERAPY JRU Library JRU Library SHELF-20-G 05/08/2023 PURCHASE 795.00 616.1 27873 Books